000 00987nas a2200241Ia 4500
001 A08/R095-45576
003 IT-MiCISF
005 20250319103811.0
008 161014c99999999xx |||||||||||| ||und||
040 _aIT-MiCISF
_cIT-MiCISF
041 _ait
100 _aGrieco Gianfranco (et al.)
_961871
245 0 _aI nonni: la loro testimonianza e presenza nella famiglia. XVIII Assemblea plenaria del Pontificio Consiglio per la Famiglia, Vaticano, 3-5 aprile 2008
250 _a"Familia et vita", n. 3/2007-1/2008
260 _c2008
300 _app. 3-133
500 _afamiglia, rapporti-intergenerazionali, rapporti-nonni-nipoti, magistero, teologia
650 _aFamiglia
654 _adossier
700 _a Benedetto XVI, Vidal R.J., Lopez Trujllo A., Filoni F., Anderson C.A., Ravasi G., Campanini G., Wiyghan Tumi C.,
_aAndreotti G., Nerozzi Frajese D., Anatrella T., Marchetto A., Pirola R. e M., Mayimbi Pitta N.
_961872
942 _cCR
_2ddc
999 _c224520
_d224520
999 _bSi